Catálogo

Cuentos del futuro / (Registro nro. 9667)

Detalles MARC
000 -LEADER
fixed length control field 01007nam a2200313 i 4500
001 - CONTROL NUMBER
control field 9667
003 - CONTROL NUMBER IDENTIFIER
control field Mx-PuUPA
005 - DATE AND TIME OF LATEST TRANSACTION
control field 20251215122757.0
008 - FIXED-LENGTH DATA ELEMENTS--GENERAL INFORMATION
fixed length control field 140415s1962 sp gr 001 j spa d
017 ## - COPYRIGHT OR LEGAL DEPOSIT NUMBER
Copyright or legal deposit number B. 15.174-1980
020 ## - INTERNATIONAL STANDARD BOOK NUMBER
International Standard Book Number 8426444822
040 ## - CATALOGING SOURCE
Original cataloging agency Mx-PuUPA
Language of cataloging spa
Transcribing agency Mx-PuUPA
Modifying agency Mx-PuUPA
Description conventions rda
041 ## - LANGUAGE CODE
Language code of text/sound track or separate title spa
Language code of original eng
100 1# - MAIN ENTRY--PERSONAL NAME
Personal name Bradbury, Ray,
Dates associated with a name 1920-2012
9 (RLIN) 3076
Relator term autor
240 10 - UNIFORM TITLE
Uniform title R is for Rocket.
Language of a work Español
245 10 - TITLE STATEMENT
Title Cuentos del futuro /
Statement of responsibility, etc. Ray Bradbury ; traducción de Beatriz Podestá
264 #1 - PRODUCTION, PUBLICATION, DISTRIBUTION, MANUFACTURE, AND COPYRIGHT NOTICE
Place of production, publication, distribution, manufacture Barcelona, España :
Name of producer, publisher, distributor, manufacturer Editorial Lumen,
Date of production, publication, distribution, manufacture, or copyright notice ©1962
300 ## - PHYSICAL DESCRIPTION
Extent 168 páginas ;
Dimensions 19 cm
336 ## - CONTENT TYPE
Fuente rdacontent
Content type term texto
Content type code txt
337 ## - MEDIA TYPE
Source rdamedia
Media type term sin medio
Media type code n
338 ## - CARRIER TYPE
Source rdacarrier
Carrier type term volumen
Carrier type code nc
490 0# - SERIES STATEMENT
Series statement Ediciones de Bolsillo ;
Volume/sequential designation 482
650 #7 - SUBJECT ADDED ENTRY--TOPICAL TERM
Topical term or geographic name entry element Cuentos americanos
Source of heading or term armarc
700 1# - ADDED ENTRY--PERSONAL NAME
Personal name Podestá, Beatriz
Relator term traductor
765 0# - ORIGINAL LANGUAGE ENTRY
Main entry heading Bradbury, Ray
Title R is for Rocket
942 ## - ADDED ENTRY ELEMENTS (KOHA)
Source of classification or shelving scheme Dewey Decimal Classification
Koha item type Libro
Classification part 810
Item part B7818
Existencias
Withdrawn status Lost status Source of classification or shelving scheme Damaged status Not for loan Collection code Home library Current library Shelving location Date acquired Source of acquisition Total Checkouts Full call number Barcode Date last seen Date last checked out Price effective from Koha item type
    Dewey Decimal Classification     General Biblioteca Karol Wojtyla Biblioteca Karol Wojtyla Sala general 03/12/2013 Compra 1 810 B7818 1962 24053 19/01/2026 24/04/2023 03/12/2013 Libro